Identifikácia a komparatívna analýza génov podobných multimeďnatým oxidázam (MCO) v rode Trichoderma

Uložené v:
Podrobná bibliografia
Hlavný autor: Frundina, Yelyzaveta (Autor)
Ďalší autori: Kryštofová, Svetlana (Vedúci práce)
Médium: Rukopis Kniha
Jazyk:Slovak
Vydavateľské údaje: 2024
Predmet:
On-line prístup:http://is.stuba.sk/zp/portal_zp.pl?podrobnosti=162335
Tagy: Pridať tag
Žiadne tagy, Buďte prvý, kto otaguje tento záznam!

MARC

LEADER 00000ntm a22000003a 4500
001 stuzp99471
003 SK-STU
005 20240622211017.0
007 ta
008 150427s2015----xo-----f-mn---000-0-slo-d
040 |a STU  |b slo 
041 0 |a slo 
100 1 |a Frundina, Yelyzaveta  |u 043000  |4 aut  |U FCHPT Fakulta chemickej a potravinárskej technológie  |T FCHPT Ústav biochémie a mikrobiológie  |X 105305  |U C3000  |Y 101  |7 105305 
242 0 1 |a Identification and comparative analysis of genes homologous to multicopper oxidases (MCO) in the genus Trichoderma  |y eng 
245 1 0 |a Identifikácia a komparatívna analýza génov podobných multimeďnatým oxidázam (MCO) v rode Trichoderma 
260 |c 2024 
650 4 |a Multimeďnaté oxidázy  |2 slo 
650 4 |a MCO  |2 slo 
650 4 |a Trichoderma  |2 slo 
650 4 |a in silico analýza  |2 slo 
650 4 |a Multicopper oxidases  |2 eng 
650 4 |a MCO  |2 eng 
650 4 |a in silico analysis  |2 eng 
650 4 |a Trichoderma  |2 eng 
700 1 |a Kryštofová, Svetlana  |u 043000  |k Z1  |4 ths  |U FCHPT Fakulta chemickej a potravinárskej technológie  |T FCHPT Ústav biochémie a mikrobiológie  |X 55152  |U C3000  |Y 101  |7 A000055152 
856 4 |u http://is.stuba.sk/zp/portal_zp.pl?podrobnosti=162335